Normal view
MARC view
- SADAF, ANEETA
Entry Personal Name
001 - CONTROL NUMBER
- control field: 72375
003 - CONTROL NUMBER IDENTIFIER
- control field: NUST
005 - DATE AND TIME OF LATEST TRANSACTION
- control field: 20210628204803.0
008 - FIXED-LENGTH DATA ELEMENTS
- fixed length control field: 210628|| aca||aabn | a|a d
040 ## - CATALOGING SOURCE
- Original cataloging agency: NUST
- Transcribing agency: NUST
100 ## - HEADING--PERSONAL NAME
- Personal name: SADAF, ANEETA
670 ## - SOURCE DATA FOUND
- Source citation: Work cat.: (NUST): SADAF, ANEETA, PR-SOF-1064-MULTI CAMERA OBJECT TRACKING SURVEILLANCE SYSTEM, 2011
